02240cam a22005054i 4500003000900000005001700009008004100026020001500067035002700082040003300109049000900142082002100151245014800172264006500320300003800385336002100423337002500444338002300469505007700492526001000569526001000579526001000589526001000599526000800609526000800617526000800625526000800633526000800641526000800649526000800657650003000665650004100695700002600736700003400762942001400796949012400810949012400934994001401058596000601072999015001078999013901228980005501367952015601422952015601578PE-LiUPU20250731172958.0150623s r 000 0 d a0805418628 a(Sirsi) i9780805418620 aPE-LiUPUbspacPE-LiUPUerda aPRUA04a270.072bH4222100aHistorians of the Christian tradition :btheir methodology and influence on western thought /c[editado por] Michael Bauman and Martin Klauber. 1aNashville, Tennessee :bBroadman & Holman Publishers,c1995. a631 páginas ;c23 centímetros atext2rdacontent aunmediated2rdamedia avolume2rdacarrier0 aOld Testament historians. -Luke. -Eusebius of Caesarea. -Venerable Bede. aSEG42 aSEG41 aSEG40 aSEG39 aP94 aP87 aP86 aP85 aP77 aP76 aP3504aCivilización cristiana.04aIglesiaxHistoriavHistoriografía.1 aBauman, Michael,eed.1 aKlauber, Martin I.1956-,eed. 2ddccBOOK a270.072 H42wDEWEYc1i45378lCCODEBUL1mBULr0sYtBOOKu2015-6-24xTEOLOGIAPP350COMPRAo.STAFF. Colección General a270.072 H42wDEWEYc2i47810lCCODEBUL1mBULr0sYtBOOKu2015-6-24xTEOLOGIAPP350COMPRAo.STAFF. Colección General aC0bPEPRU a1 a270.072 H42wDEWEYc22243i45378f2021-11-11g5lCCODEBUL1mBULr0sYtBOOKu2015-6-24xTEOLOGIAPP350COMPRAo.STAFF. Colección Generald22243 a270.072 H42wDEWEYc2i47810f2021-11-11g5lCCODEBUL1mBULr0sYtBOOKu2015-6-24xTEOLOGIAPP350COMPRAo.STAFF. Colección General 81gALBERTO SANCHEZ Responsable de Automatización r2025-12-02 00:00:00i6l0o270.072 H42p45378te1w2015-06-24xFTyBKzinventario-2023-12-13102ddc50708GENfP35aBULbBULcGENd2015-06-24eCOMPRA r2025-12-02 00:00:00i6l0o270.072 H42p47810te2w2015-06-24xFTyBKzinventario-2023-12-13102ddc50708GENfP35aBULbBULcGENd2015-06-24eCOMPRA